[Event "Dortmund ABC Serie A-22"]
[Site "Dortmund"]
[Date "2004.10.29"]
[Round "6"]
[White "Rosenfeldt, Christian"]
[Black "Ruchay, Dieter"]
[Result "0-1"]
[WhiteElo "1331"]
[BlackElo "1374"]
[PlyCount "54"]
[EventDate "2004.10.06"]
[EventType "tourn"]
[EventRounds "13"]
[EventCountry "GER"]
[SourceTitle "EXT 2006"]
[Source "ChessBase"]
[SourceDate "2005.11.24"]
[SourceVersion "1"]
[SourceVersionDate "2005.11.24"]
[SourceQuality "1"]

1. e4 c5 2. d4 cxd4 3. c3 Nc6 4. cxd4 d6 5. Nf3 Bg4 6. Be2 Nf6 7. Nc3 Qa5 8. 0-0 e6 9. Re1 Be7 10. d5 Bxf3 11. Bxf3 Ne5 12. Be2 0-0 13. Bd2 Qb6 14. Rc1 Rac8 15. h3 Nc4 16. Na4 Qd4 17. Bxc4 Rxc4 18. Rxc4 Qxc4 19. b3 Qd4 20. Qc2 a6 21. Bc3 Rc8 22. Qb2 Qd3 23. Qd2 Qxd2 24. Bxd2 Rc2 25. Bc3 b5 26. Bxf6 Bxf6 27. Nb6 Bd4 0-1

[Event "Dortmund ABC Serie A-22"]
[Site "Dortmund"]
[Date "2004.10.23"]
[Round "5"]
[White "Grawe, Herbert"]
[Black "Rosenfeldt, Christian"]
[Result "1/2-1/2"]
[WhiteElo "1484"]
[BlackElo "1331"]
[PlyCount "85"]
[EventDate "2004.10.06"]
[EventType "tourn"]
[EventRounds "13"]
[EventCountry "GER"]
[SourceTitle "EXT 2006"]
[Source "ChessBase"]
[SourceDate "2005.11.24"]
[SourceVersion "1"]
[SourceVersionDate "2005.11.24"]
[SourceQuality "1"]

1. d4 Nf6 2. Nc3 d5 3. e4 dxe4 4. f3 exf3 5. Nxf3 Bg4 6. h3 Bh5 7. g4 Bg6 8. Bc4 e6 9. 0-0 Bd6 10. Nb5 0-0 11. Nxd6 cxd6 12. Bg5 Nbd7 13. c3 Qb6 14. b3 Ne4 15. Qe1 d5 16. Be2 Nxg5 17. Nxg5 f6 18. Nf3 e5 19. Rd1 e4 20. Nh4 Ne5 21. Kg2 Nf3 22. Nxf3 exf3+ 23. Bxf3 Qd6 24. c4 Rae8 25. Qf2 Be4 26. c5 Qe6 27. Kg1 f5 28. Qg3 f4 29. Qg2 g5 30. Rfe1 Qg6 31. b4 Rf7 32. b5 Rfe7 33. Bxe4 Rxe4 34. Rxe4 Rxe4 35. Rc1 Qf6 36. Qf2 f3 37. Kf1 Re2 38. Qg3 Kg7 39. c6 Qxd4 40. cxb7 Qd3 41. Qc7+ Re7+ 42. Kg1 f2+ 43. Kxf2 1/2-1/2

[Event "Dortmund ABC Serie A-22"]
[Site "Dortmund"]
[Date "2004.10.20"]
[Round "4"]
[White "Rosenfeldt, Christian"]
[Black "Dieckmann, Rudolf"]
[Result "1/2-1/2"]
[WhiteElo "1331"]
[BlackElo "1496"]
[PlyCount "98"]
[EventDate "2004.10.06"]
[EventType "tourn"]
[EventRounds "13"]
[EventCountry "GER"]
[SourceTitle "EXT 2006"]
[Source "ChessBase"]
[SourceDate "2005.11.24"]
[SourceVersion "1"]
[SourceVersionDate "2005.11.24"]
[SourceQuality "1"]

1. e4 e6 2. d4 d6 3. Nf3 b6 4. Bd3 Bb7 5. 0-0 Nd7 6. Be3 g6 7. c3 Bg7 8. Nbd2 Ne7 9. Rc1 c5 10. Bb1 Rc8 11. Nc4 Nf6 12. Nxd6+ Qxd6 13. e5 Qd7 14. exf6 Bxf6 15. dxc5 Qxd1 16. Rfxd1 bxc5 17. Bg5 Bg7 18. Ne1 f6 19. Bh4 g5 20. Bg3 Nd5 21. Be4 f5 22. Bxd5 Bxd5 23. f3 c4 24. Nc2 Kf7 25. Nd4 f4 26. Bf2 a6 27. Nf5 Bf8 28. Nd4 Bc5 29. b4 cxb3 30. axb3 e5 31. c4 Bb7 32. Nf5 Bxf2+ 33. Kxf2 Kg6 34. Ne7+ Kf6 35. Nxc8 Rxc8 36. Rd7 Rb8 37. Rcd1 e4 38. Rxh7 e3+ 39. Ke2 Kg6 40. Rhd7 Bc8 41. R7d6+ Kf7 42. Rb1 a5 43. Rd4 Bf5 44. Rb2 a4 45. Rd5 Kf6 46. Rb5 a3 47. Ra2 Ra8 48. b4 Bb1 49. Ra1 a2 1/2-1/2

[Event "Dortmund ABC Serie A-22"]
[Site "Dortmund"]
[Date "2004.10.06"]
[Round "1"]
[White "Rosenfeldt, Christian"]
[Black "Mueller, Siegfried"]
[Result "0-1"]
[WhiteElo "1331"]
[BlackElo "1485"]
[PlyCount "76"]
[EventDate "2004.10.06"]
[EventType "tourn"]
[EventRounds "13"]
[EventCountry "GER"]
[SourceTitle "EXT 2006"]
[Source "ChessBase"]
[SourceDate "2005.11.24"]
[SourceVersion "1"]
[SourceVersionDate "2005.11.24"]
[SourceQuality "1"]

1. c3 Nf6 2. d4 g6 3. Bf4 Bg7 4. e3 d6 5. Bd3 0-0 6. h4 Re8 7. Nd2 e5 8. Bg3 exd4 9. cxd4 Nh5 10. Nb3 Nxg3 11. fxg3 Rxe3+ 12. Ne2 Qe8 13. 0-0 Bg4 14. Re1 a6 15. Qc2 Nc6 16. a3 Bxe2 17. Rxe2 Rxe2 18. Bxe2 Qe3+ 19. Kh2 Nxd4 20. Nxd4 Bxd4 21. Bf3 c5 22. Qc4 b5 23. Qd5 Rd8 24. Rf1 Qe6 25. Qb7 d5 26. Qc7 Qd7 27. Qf4 Bxb2 28. Bg4 Qe7 29. Rf2 Be5 30. Qf3 Qxh4+ 31. Bh3 Bxg3+ 32. Qxg3 Qxg3+ 33. Kxg3 Re8 34. Bd7 Re3+ 35. Kg4 d4 36. Kg5 Kg7 37. Bc6 d3 38. Bd5 Re5+ 0-1